[Event "Dubinin mem corr"]
[Site "RCCA corr"]
[Date "2005.??.??"]
[Round "?"]
[White "Lueers, Heinz Eckhard"]
[Black "Tsvetkov, Aleksei Aleksandrov"]
[Result "1/2-1/2"]
[WhiteElo "2477"]
[BlackElo "2519"]
[PlyCount "39"]
[EventDate "1999.06.30"]
[EventType "tourn (corr)"]
[EventRounds "10"]
[EventCountry "RUS"]
[SourceTitle "Corr 2008"]
[Source "ChessBase"]
[SourceDate "2008.06.24"]
[SourceVersion "1"]
[SourceVersionDate "2008.06.24"]
[SourceQuality "1"]

1. e4 c5 2. Nf3 g6 3. d4 cxd4 4. Nxd4 Bg7 5. Nc3 Nc6 6. Be3 Nf6 7. Bc4 0-0 8. Bb3 a5 9. f3 d5 10. exd5 Nb4 11. Nde2 a4 12. Nxa4 Nfxd5 13. Bf2 Bf5 14. 0-0 b5 15. Nac3 Nxc3 16. Nxc3 Qxd1 17. Raxd1 Bxc2 18. Rd7 Bxb3 19. axb3 Nc6 20. Rc7 1/2-1/2

[Event "Dubinin mem corr"]
[Site "RCCA corr"]
[Date "2005.??.??"]
[Round "?"]
[White "Tsvetkov, Aleksei Aleksandrov"]
[Black "Grigoryev, Valery Borisovich"]
[Result "1-0"]
[WhiteElo "2519"]
[BlackElo "2466"]
[PlyCount "115"]
[EventDate "1999.06.30"]
[EventType "tourn (corr)"]
[EventRounds "10"]
[EventCountry "RUS"]
[SourceTitle "Corr 2008"]
[Source "ChessBase"]
[SourceDate "2008.06.24"]
[SourceVersion "1"]
[SourceVersionDate "2008.06.24"]
[SourceQuality "1"]

1. e4 c5 2. Nf3 d6 3. d4 cxd4 4. Nxd4 Nf6 5. Nc3 a6 6. Bg5 e6 7. f4 Qb6 8. Qd2 Qxb2 9. Rb1 Qa3 10. Be2 Nbd7 11. 0-0 Qc5 12. Kh1 Be7 13. f5 e5 14. Ne6 fxe6 15. fxe6 Nb6 16. Rxf6 Bxf6 17. Bxf6 Bxe6 18. Bxg7 Rg8 19. Qh6 Kd7 20. Qxh7 Kc6 21. Nd5 Nd7 22. c4 Qf2 23. Bf3 a5 24. Ne7+ Kc7 25. Nxg8 Qxa2 26. Rd1 Bxg8 27. Qg6 Qa3 28. Bg4 Bxc4 29. Qg5 Re8 30. Bxd7 Kxd7 31. Bxe5 Re6 32. Bg3 Qb3 33. Qg4 Kc6 34. Rc1 Kb5 35. Qg7 Ka6 36. Qf8 Rxe4 37. Qa8+ Kb6 38. Bf2+ Kc6 39. Qc8+ Kd5 40. Qf5+ Re5 41. Qg4 Be2 42. Qg8+ Re6 43. Qd8 Ke4 44. Qh4+ Kf5 45. Bd4 Rg6 46. Qf2+ Bf3 47. Rf1 Ke6 48. Qe1+ Kd7 49. Rxf3 Qd5 50. Bb6 Rg4 51. Bxa5 Re4 52. Qb1 Re7 53. Qf5+ Qxf5 54. Rxf5 Re4 55. h3 Kc6 56. g4 b6 57. Bd2 Re2 58. g5 1-0

[Event "Dubinin mem corr"]
[Site "RCCA corr"]
[Date "2005.??.??"]
[Round "?"]
[White "Tsvetkov, Aleksei Aleksandrov"]
[Black "Matyukhin, Sergey Konstantinov"]
[Result "1/2-1/2"]
[WhiteElo "2519"]
[BlackElo "2610"]
[PlyCount "96"]
[EventDate "1999.06.30"]
[EventType "tourn (corr)"]
[EventRounds "10"]
[EventCountry "RUS"]
[SourceTitle "Corr 2008"]
[Source "ChessBase"]
[SourceDate "2008.06.24"]
[SourceVersion "1"]
[SourceVersionDate "2008.06.24"]
[SourceQuality "1"]

1. e4 c5 2. Nf3 d6 3. d4 cxd4 4. Nxd4 Nf6 5. Nc3 a6 6. Bg5 e6 7. f4 Nbd7 8. Qf3 Qc7 9. 0-0-0 b5 10. Bxb5 axb5 11. Ndxb5 Qb8 12. e5 Ra5 13. exf6 gxf6 14. Bh6 Bxh6 15. Nxd6+ Ke7 16. Kb1 Rd8 17. Rhe1 Nb6 18. Ncb5 Rxb5 19. Nxb5 Nc4 20. Qb3 Nd2+ 21. Rxd2 Rxd2 22. Qb4+ Rd6 23. g3 Bd7 24. Qxd6+ Qxd6 25. Nxd6 Kxd6 26. Rd1+ Kc7 27. Rf1 Bf8 28. c4 Bc6 29. Kc2 Kb6 30. a3 f5 31. b4 Ba4+ 32. Kd3 Bg7 33. Rf2 Bf6 34. Rd2 Bb3 35. Re2 Ba4 36. Re3 h5 37. h4 Bb3 38. Re1 Ba4 39. c5+ Kb5 40. Rc1 Kc6 41. Kc4 e5 42. fxe5 Bxe5 43. Rg1 Bc7 44. Kd4 Kb5 45. Rf1 f6 46. Rxf5 Be5+ 47. Rxe5 fxe5+ 48. Kxe5 Bd1 1/2-1/2

[Event "CFriend AH-2004-0-00006 email"]
[Site "Chessfriend.com"]
[Date "2004.04.14"]
[Round "?"]
[White "Berger, Peter"]
[Black "Tsvetkov, Aleksei Aleksandrov"]
[Result "1-0"]
[WhiteElo "1800"]
[BlackElo "2173"]
[PlyCount "28"]
[EventDate "2004.??.??"]
[EventType "tourn (corr)"]
[EventRounds "13"]
[SourceTitle "Corr 2008"]
[Source "ChessBase"]
[SourceDate "2008.06.24"]
[SourceVersion "1"]
[SourceVersionDate "2008.06.24"]
[SourceQuality "1"]

1. d4 Nf6 2. Bg5 Ne4 3. Bf4 c5 4. f3 Qa5+ 5. c3 Nf6 6. Nd2 cxd4 7. Nb3 Qb6 8. Qxd4 Nc6 9. Qxb6 axb6 10. Nd4 e5 11. Nxc6 exf4 12. Nd4 d5 13. Kf2 Bc5 14. e3 fxe3+ 1-0

[Event "CFriend AH-2004-0-00006 email"]
[Site "Chessfriend.com"]
[Date "2004.04.14"]
[Round "?"]
[White "Tsvetkov, Aleksei Aleksandrov"]
[Black "Daus, Peter"]
[Result "0-1"]
[WhiteElo "2173"]
[BlackElo "2217"]
[PlyCount "28"]
[EventDate "2004.??.??"]
[EventType "tourn (corr)"]
[EventRounds "13"]
[SourceTitle "Corr 2008"]
[Source "ChessBase"]
[SourceDate "2008.06.24"]
[SourceVersion "1"]
[SourceVersionDate "2008.06.24"]
[SourceQuality "1"]

1. e4 e5 2. Nf3 Nc6 3. d4 exd4 4. Nxd4 Nf6 5. Nxc6 bxc6 6. e5 Qe7 7. Qe2 Nd5 8. c4 Nb6 9. g3 Qe6 10. b3 a5 11. Bb2 a4 12. Bg2 Bb4+ 13. Nd2 0-0 14. 0-0 d5 0-1

[Event "CFriend AC-2003-Q-00006 email"]
[Site "Chessfriend.com"]
[Date "2003.07.01"]
[Round "?"]
[White "Erbe, Uwe"]
[Black "Tsvetkov, Aleksei Aleksandrov"]
[Result "1-0"]
[WhiteElo "2052"]
[BlackElo "2052"]
[PlyCount "95"]
[EventDate "2003.07.01"]
[EventType "tourn (corr)"]
[EventRounds "10"]
[SourceTitle "Corr 2008"]
[Source "ChessBase"]
[SourceDate "2008.06.24"]
[SourceVersion "1"]
[SourceVersionDate "2008.06.24"]
[SourceQuality "1"]

1. d4 Nf6 2. c4 c5 3. d5 b5 4. cxb5 a6 5. bxa6 Bxa6 6. Nc3 Qa5 7. Bd2 d6 8. Nf3 Nbd7 9. Qc2 g6 10. Ne4 Qd8 11. Nxf6+ Nxf6 12. Bc3 Bg7 13. Nd2 0-0 14. e4 e6 15. Bxa6 Rxa6 16. dxe6 fxe6 17. 0-0 d5 18. exd5 exd5 19. Rfe1 Qc7 20. Nf3 Qb7 21. a3 Ne4 22. Bxg7 Kxg7 23. b4 c4 24. Qd1 Raf6 25. Qd4 Kg8 26. a4 Rf4 27. Red1 R8f5 28. a5 Ng5 29. a6 Nxf3+ 30. gxf3 Qd7 31. Qb6 Rf8 32. Re1 c3 33. a7 Ra8 34. Qc5 Rf7 35. Qxc3 d4 36. Qc4 Rxa7 37. Rxa7 Qxa7 38. Kg2 Kg7 39. Re4 Rd7 40. Re8 Kh6 41. Qc1+ Kg7 42. Qf4 Rf7 43. Qd6 Qd7 44. Rd8 Qxd6 45. Rxd6 Rf4 46. Kg3 g5 47. b5 Rf5 48. b6 1-0

[Event "CFriend AC-2003-Q-00006 email"]
[Site "Chessfriend.com"]
[Date "2003.07.01"]
[Round "?"]
[White "Tsvetkov, Aleksei Aleksandrov"]
[Black "Lea, Per"]
[Result "1/2-1/2"]
[WhiteElo "2052"]
[BlackElo "2199"]
[PlyCount "65"]
[EventDate "2003.07.01"]
[EventType "tourn (corr)"]
[EventRounds "10"]
[SourceTitle "Corr 2008"]
[Source "ChessBase"]
[SourceDate "2008.06.24"]
[SourceVersion "1"]
[SourceVersionDate "2008.06.24"]
[SourceQuality "1"]

1. e4 e5 2. Nf3 Nc6 3. d4 exd4 4. Nxd4 Bc5 5. Be3 Qf6 6. c3 Nge7 7. Bc4 Ne5 8. Be2 d5 9. 0-0 0-0 10. f4 N5c6 11. e5 Qh4 12. Rf3 Bxd4 13. cxd4 Bg4 14. Bf2 Qh6 15. Rd3 Bxe2 16. Qxe2 Qxf4 17. Nc3 f5 18. Rh3 a6 19. Qh5 h6 20. Qd1 Qg4 21. Rf3 Rae8 22. Ne2 f4 23. Rc1 Rf5 24. Qb3 Na5 25. Qc3 Nac6 26. h3 Qg5 27. Be1 Ref8 28. Bd2 R5f7 29. Rd1 Qh5 30. Qb3 Qg6 31. Bxf4 b5 32. Rf2 Nd8 33. Be3 1/2-1/2

[Event "CFriend AH-2003-0-00001 email"]
[Site "Chessfriend.com"]
[Date "2003.04.08"]
[Round "?"]
[White "Asauskas, Mindaugas"]
[Black "Tsvetkov, Aleksei Aleksandrov"]
[Result "0-1"]
[WhiteElo "1800"]
[BlackElo "2052"]
[PlyCount "32"]
[EventDate "2003.??.??"]
[EventType "tourn (corr)"]
[EventRounds "12"]
[SourceTitle "Corr 2008"]
[Source "ChessBase"]
[SourceDate "2008.06.24"]
[SourceVersion "1"]
[SourceVersionDate "2008.06.24"]
[SourceQuality "1"]

1. e4 c5 2. Nf3 Nc6 3. d4 cxd4 4. Nxd4 e5 5. Nb5 d6 6. Be3 a6 7. N5c3 Nf6 8. Bg5 Be7 9. Nd2 Bg4 10. Be2 Bxe2 11. Nxe2 d5 12. Bxf6 Bxf6 13. Nc3 d4 14. Nd5 0-0 15. 0-0 Be7 16. a4 Nb4 0-1

[Event "CFriend AH-2003-0-00001 email"]
[Site "Chessfriend.com"]
[Date "2003.04.08"]
[Round "1"]
[White "Blake, Michael J"]
[Black "Tsvetkov, Aleksei Aleksandrov"]
[Result "1/2-1/2"]
[WhiteElo "1731"]
[BlackElo "2052"]
[PlyCount "53"]
[EventDate "2003.??.??"]
[EventType "tourn (corr)"]
[EventRounds "12"]
[SourceTitle "Corr 2008"]
[Source "ChessBase"]
[SourceDate "2008.06.24"]
[SourceVersion "1"]
[SourceVersionDate "2008.06.24"]
[SourceQuality "1"]

1. d4 Nf6 2. c4 c5 3. d5 b5 4. Nf3 g6 5. cxb5 a6 6. Qc2 axb5 7. e4 Qa5+ 8. Bd2 b4 9. Na3 Ba6 10. Nc4 Qc7 11. Bd3 Bg7 12. 0-0 d6 13. a3 0-0 14. axb4 cxb4 15. Bxb4 Nbd7 16. Rfc1 Bxc4 17. Rxa8 Rxa8 18. Bxc4 Bh6 19. Re1 Rb8 20. Ba3 Rc8 21. b3 Nb6 22. Bc1 Bg7 23. Nd2 Qc5 24. h3 Qb4 25. Re3 Nfd7 26. Rg3 Ne5 27. Qd1 1/2-1/2

[Event "CFriend AH-2003-0-00001 email"]
[Site "Chessfriend.com"]
[Date "2003.04.08"]
[Round "1"]
[White "Tallone, Carlos Alberto"]
[Black "Tsvetkov, Aleksei Aleksandrov"]
[Result "1-0"]
[WhiteElo "2121"]
[BlackElo "2052"]
[PlyCount "101"]
[EventDate "2003.??.??"]
[EventType "tourn (corr)"]
[EventRounds "12"]
[SourceTitle "Corr 2008"]
[Source "ChessBase"]
[SourceDate "2008.06.24"]
[SourceVersion "1"]
[SourceVersionDate "2008.06.24"]
[SourceQuality "1"]

1. e4 c5 2. Nf3 Nc6 3. d4 cxd4 4. Nxd4 e5 5. Nb5 d6 6. c4 Be7 7. N1c3 a6 8. Na3 Be6 9. Nc2 Bg5 10. Bd3 Bxc1 11. Rxc1 Qg5 12. 0-0 Nge7 13. Nd5 Rc8 14. Qe1 Ng6 15. Qe3 Nf4 16. g3 0-0 17. Kh1 Bh3 18. Rfd1 f5 19. Bf1 Bxf1 20. Rxf1 Ne6 21. Qxg5 Nxg5 22. exf5 Rxf5 23. f4 Ne6 24. Nce3 Rf7 25. f5 Ned4 26. g4 Ne7 27. Nc3 b5 28. Ne4 Rd8 29. cxb5 axb5 30. Ng5 Rff8 31. Rc7 h6 32. Ne4 Rf7 33. f6 Nec6 34. Rxf7 Kxf7 35. fxg7+ Kxg7 36. Nd5 b4 37. h4 Nb5 38. Rf6 Rf8 39. Nxd6 Rxf6 40. Ne8+ Kf7 41. Nexf6 Nd6 42. Kg2 Nc4 43. b3 Nd6 44. Kf3 Ke6 45. Ke3 Nb5 46. g5 hxg5 47. hxg5 Kf5 48. Ne4 Nbd4 49. Kd3 Na5 50. Ne7+ Ke6 51. Nc8 1-0

[Event "CFriend AH-2003-0-00001 email"]
[Site "Chessfriend.com"]
[Date "2003.04.08"]
[Round "1"]
[White "Tietjen, Ronald"]
[Black "Tsvetkov, Aleksei Aleksandrov"]
[Result "1/2-1/2"]
[WhiteElo "2279"]
[BlackElo "2173"]
[PlyCount "109"]
[EventDate "2003.??.??"]
[EventType "tourn (corr)"]
[EventRounds "12"]
[SourceTitle "Corr 2008"]
[Source "ChessBase"]
[SourceDate "2008.06.24"]
[SourceVersion "1"]
[SourceVersionDate "2008.06.24"]
[SourceQuality "1"]

1. d4 Nf6 2. c4 b6 3. Nf3 Bb7 4. g3 g6 5. Bg2 c5 6. 0-0 cxd4 7. Qxd4 Nc6 8. Qf4 Bg7 9. Nc3 Rc8 10. Rd1 0-0 11. Rb1 a6 12. Bd2 d5 13. cxd5 Nxd5 14. Qg4 h5 15. Qh3 e6 16. Bg5 Qc7 17. Nxd5 exd5 18. e3 Ne5 19. a3 Ng4 20. Nd4 Rfe8 21. Bf4 Qe7 22. Bf3 Ne5 23. Bxe5 Qxe5 24. Qg2 Rc7 25. b4 Rc3 26. a4 Ra3 27. a5 bxa5 28. bxa5 Qc7 29. Rdc1 Qd7 30. Nb3 Qd6 31. Qf1 Bc8 32. Qd1 Bf5 33. Bxd5 Qe7 34. Rc6 Bxb1 35. Qxb1 Rd8 36. Bc4 Rd6 37. Rxd6 Qxd6 38. Qe4 Qf6 39. Qd5 Qf5 40. Qa8+ Bf8 41. Nd4 Qf6 42. Qd5 Bb4 43. Qa8+ Kg7 44. Qxa6 Qxa6 45. Bxa6 Rxa5 46. Bc4 Ra4 47. Bb5 Ra5 48. Bc4 Bc5 49. Nb3 Ra4 50. Bxf7 Bxe3 51. Bxg6 Bxf2+ 52. Kxf2 Ra2+ 53. Ke3 Kxg6 54. Nd2 Kf5 55. h3 1/2-1/2

[Event "Kosenkov mem corr"]
[Site "Russia"]
[Date "2002.??.??"]
[Round "?"]
[White "Arzumanyan, Sergey Tatievosovic"]
[Black "Tsvetkov, Aleksei Aleksandrov"]
[Result "1-0"]
[WhiteElo "2315"]
[BlackElo "2052"]
[PlyCount "53"]
[EventDate "1998.??.??"]
[EventType "tourn (corr)"]
[EventRounds "14"]
[EventCountry "RUS"]
[EventCategory "10"]
[SourceTitle "Corr 2011"]
[Source "ChessBase"]
[SourceDate "2010.08.31"]
[SourceVersion "1"]
[SourceVersionDate "2010.08.31"]
[SourceQuality "1"]

1. e4 e5 2. Nf3 Nc6 3. Bb5 a6 4. Ba4 Nf6 5. 0-0 b5 6. Bb3 Bb7 7. Re1 Bc5 8. c3 0-0 9. d4 Bb6 10. Bg5 h6 11. Bh4 Qe7 12. Nbd2 d6 13. Nf1 Na5 14. Bc2 c5 15. Ne3 g6 16. Ng4 g5 17. Nxh6+ Kh7 18. Nf5 Qd8 19. Nxg5+ Kg8 20. Nh7 Kxh7 21. Re3 Bc8 22. Bxf6 Qxf6 23. Qh5+ Kg8 24. Rg3+ Qg6 25. Rxg6+ fxg6 26. Qxg6+ Kh8 27. Qg7# 1-0

[Event "Kosenkov mem corr"]
[Site "Russia"]
[Date "2002.??.??"]
[Round "?"]
[White "Brzozka, Stefan"]
[Black "Tsvetkov, Aleksei Aleksandrov"]
[Result "1/2-1/2"]
[WhiteElo "2433"]
[BlackElo "2052"]
[PlyCount "27"]
[EventDate "1998.??.??"]
[EventType "tourn (corr)"]
[EventRounds "14"]
[EventCountry "RUS"]
[EventCategory "10"]
[SourceTitle "Corr 2011"]
[Source "ChessBase"]
[SourceDate "2010.08.31"]
[SourceVersion "1"]
[SourceVersionDate "2010.08.31"]
[SourceQuality "1"]

1. e4 e5 2. Nf3 Nf6 3. Nxe5 d6 4. Nf3 Nxe4 5. d4 d5 6. Bd3 Bd6 7. 0-0 0-0 8. c4 c6 9. Re1 Bf5 10. Nc3 Nxc3 11. bxc3 Bxd3 12. Qxd3 dxc4 13. Qxc4 Nd7 14. Qb3 1/2-1/2

[Event "Kosenkov mem corr"]
[Site "Russia"]
[Date "2002.??.??"]
[Round "?"]
[White "Malinin, Vasily Borisovich"]
[Black "Tsvetkov, Aleksei Aleksandrov"]
[Result "1-0"]
[WhiteElo "2548"]
[BlackElo "2052"]
[PlyCount "161"]
[EventDate "1998.??.??"]
[EventType "tourn (corr)"]
[EventRounds "14"]
[EventCountry "RUS"]
[EventCategory "10"]
[SourceTitle "Corr 2011"]
[Source "ChessBase"]
[SourceDate "2010.08.31"]
[SourceVersion "1"]
[SourceVersionDate "2010.08.31"]
[SourceQuality "1"]

1. d4 Nf6 2. c4 c5 3. d5 b5 4. cxb5 a6 5. bxa6 Bxa6 6. Nc3 g6 7. Nf3 d6 8. g3 Bg7 9. h4 Nbd7 10. Bg2 Qa5 11. 0-0 0-0 12. Re1 Rfb8 13. e4 Ng4 14. Bh3 Nde5 15. Ng5 Nxf2 16. Kxf2 Nd3+ 17. Kg2 Nxb2 18. Qf3 Bf6 19. Re3 Nc4 20. e5 Nxe3+ 21. Qxe3 Bxe5 22. Qf3 f5 23. Bxf5 Rf8 24. Be6+ Kh8 25. Qf7 Rxf7 26. Nxf7+ Kg8 27. Nxe5+ Kg7 28. Nf7 g5 29. Ne4 Qa4 30. Nf2 Qd4 31. Rb1 Bf1+ 32. Kxf1 Rxa2 33. Bb2 Rxb2 34. Rxb2 Qxb2 35. Nxg5 c4 36. Bf5 c3 37. Bxh7 c2 38. Bxc2 Qxc2 39. Ne6+ Kf6 40. Nf4 Kf5 41. Kg2 Qb2 42. Kf3 Qb3+ 43. N2d3 Kf6 44. g4 Qd1+ 45. Kg3 Qg1+ 46. Kh3 Qh1+ 47. Kg3 Qg1+ 48. Kh3 Qh1+ 49. Kg3 Qd1 50. Nf2 Qg1+ 51. Kf3 Qc1 52. Ne4+ Kg7 53. Nf2 Qc3+ 54. N2d3 Qd2 55. Ne6+ Kh6 56. Ndf4 Qd1+ 57. Kg3 Qe1+ 58. Kh3 Qh1+ 59. Kg3 Qe1+ 60. Kh3 Qh1+ 61. Kg3 Qg1+ 62. Ng2 Kh7 63. g5 Qd1 64. Ngf4 Qg1+ 65. Kf3 Qh1+ 66. Kg4 Qf1 67. h5 Qg1+ 68. Kf5 Qb1+ 69. Kg4 Qd1+ 70. Kf5 Qf3 71. g6+ Kg8 72. h6 Qh1 73. h7+ Kh8 74. Ng5 e6+ 75. Kxe6 Kg7 76. Kd7 Qh4 77. Kc6 Qh1 78. Nf7 Qc1+ 79. Kd7 Qxf4 80. h8Q+ Kxg6 81. Qh6+ 1-0